Motives toward track and field competition of foreign and domestic grant-in-aid student-athletes in NCAA Division I colleges and universities /

Bibliographic Details
Main Author: Stidwill, Howard F.
Format: Thesis Microform Book
Language:English
Published: [Place of publication not identified] : [publisher not identified] ; 1984.
Subjects:

MARC

Tag First Indicator Second Indicator Subfields
LEADER 00000cam a2200000 a 4500
001 in00000018906
005 20151007054111.0
007 he bmb|||||||
008 860426r19861984orua bb 00010 eng d
035 |a (OCoLC)13499465 
035 |9 AAB3986AM 
040 |a ORU  |c XBM  |d XBM  |d HPE  |d TXA  |d UtOrBLW 
049 |a TXAI 
099 |a fiche  |a C  |a 9442 
100 1 |a Stidwill, Howard F. 
245 1 0 |a Motives toward track and field competition of foreign and domestic grant-in-aid student-athletes in NCAA Division I colleges and universities /  |c by Howard F. Stidwill. 
264 1 |a [Place of publication not identified] :  |b [publisher not identified] ;  |c 1984. 
300 |a 81 leaves :  |b illustrations 
336 |a text  |b txt  |2 rdacontent 
337 |a microform  |b h  |2 rdamedia 
338 |a microfiche  |b he  |2 rdacarrier 
502 |b Ph. D.  |c Oregon State University  |d 1985. 
504 |a Bibliography: leaves 67-71. 
533 |a Microfiche.  |b Eugene :  |c Microform Publications, College of Human Development and Performance, University of Oregon,  |d 1986.  |e 1 microfiche : negative ; 11 x 15 cm. 
500 |a Microform. 
650 0 |a Track and field  |x Psychological aspects. 
650 0 |a Track and field athletes  |x Psychology. 
650 0 |a Students, Foreign  |x Psychology. 
999 |a MARS 
999 f f |s 2f2d77b7-f6a4-3572-aed7-aacd605f46f6  |i e39c13cc-4f66-3c89-883a-c4704a83d63f  |t 0 
952 f f |p normal  |a Texas A&M University  |b College Station  |c Sterling C. Evans Library  |d Evans: Microforms (3rd floor)  |t 0  |e fiche C 9442  |h Other scheme  |i microform -- microfiche  |m A14823240919 
998 f f |a fiche C 9442  |t 0  |l Evans: Microforms (3rd floor)